000
00331 a2200157 4500
001
74346
020
_a
9788576755463
040
_c
Anchieta - Colégio São Paulo
100
_a
Vasconcelos, Adson
240
1
0
_a
Português
_l
por
245
1
0
_a
Português
300
_a
256
362
0
_a
2010
650
4
_a
Português
942
_c
BK
999
_c
74346
_d
74346